1349 1369 1036 1312 1868 1519 1832 1472 1454 1360 1388 1551 1013 1977 1843 1011 1082 1093 1950 1894 1686 1678 1719 1275 1251 1098 1024 1674 1739 1199 1050 1774 1593 1251 1273 1360 1557 1476 1188 1448 1387 1080 1196 1451 1404 1517 1862 1588 1157 1998 1984 1389 1396 1816 1618 1023 1810 1417 1858 1942 1518 1718 1748 1835 1143 1335 1189 1668 1591 1169 1747 1214 1297 1563 1499 1417 1962 1398 1439 1615 1064 1711 1676 1840 1861 1476 1202 1164 1321 1654 1230 1838 1206 1902 1468 1229 1467 1787 1317 BCNSPRNW ULIB Ver.6.0+V

เปลี่ยนเป็นภาษาไทย

Change to English
 แสดงรายละเอียดบรรณานุกรม
  กลับหน้าหลัก

Brief Record : Get Marc (ISO 2709) : E-mail record : QR code < ปิดหน้าต่าง
LEADER : 00000nam 2200000uu 4500
001    13399125088
003     ULIB
008    160620s2555||||th 000 0 tha d
020    ^a9789741329403
050  4 ^aBF724.5^bส876จ 2555
100 0  ^aสุวัฒน์ วัฒนวงศ์
245 10 ^aจิตวิทยาเพื่อการฝึกอบรมผู้ใหญ่ =^bPsychology for training adult /^cสุวัฒน์ วัฒนวงศ์
246 31 ^aPsychology for training adult
250    ^aพิมพ์ครั้งที่ 3
260    ^aกรุงเทพฯ :^bสำนักพิมพ์แห่งจุฬาลงกรณ์มหาวิทยาลัย,^c2555, [2012]
300    ^a369 หน้า ;^c21 ซม.
650  4 ^aการฝึกอบรม^xแง่จิตวิทยา
650  4 ^aการเรียนรู้ ในวัยชรา (จิตวิทยา)
650  4 ^aจิตวิทยาพัฒนาการ
650  4 ^aผู้สูงอายุ^xจิตวิทยา
650  4 ^aวัยชรา^xแง่จิตวิทยา
945    ^p200^l0^i001316
945    ^p200^l0^i001317
945    ^p200^l0^i001318
945    ^p200^l0^i001319
945    ^p200^l0^i001320
999    ^aเกษร โพธิ์สุวรรณ
รายการนี้ยังไม่มีแท็ก
คุณยังไม่ได้ล็อกอิน คุณสามารถมีกิจกรรมร่วมกับเว็บไซต์ได้ แต่ต้องล็อกอินก่อน ::
  ล็อกอิน

รายการสื่อสารสนเทศ

ลำดับที่ ประเภท เลขเรียก/บาร์โค้ด สถานที่ สถานะ
1. วิทยาศาสตร์การแพทย์ และสุขภาพ
หนังสือสำรอง
สถานะ=หนังสือสำรอง
BF724.5 ส876จ 2555 ฉ.1 
  Barcode: 001316
ห้องสมุดวิทยาเขตสวรรค์ประชารักษ์
►หนังสือทั่วไป
บนชั้น
2. วิทยาศาสตร์การแพทย์ และสุขภาพ
วิทยาศาสตร์การแพทย์ และสุขภาพ
BF724.5 ส876จ 2555 ฉ.2 
  Barcode: 001317
ห้องสมุดวิทยาเขตสวรรค์ประชารักษ์
►หนังสือทั่วไป
บนชั้น
3. วิทยาศาสตร์การแพทย์ และสุขภาพ
วิทยาศาสตร์การแพทย์ และสุขภาพ
BF724.5 ส876จ 2555 ฉ.3 
  Barcode: 001318
ห้องสมุดวิทยาเขตสวรรค์ประชารักษ์
►หนังสือทั่วไป
บนชั้น
4. วิทยาศาสตร์การแพทย์ และสุขภาพ
วิทยาศาสตร์การแพทย์ และสุขภาพ
BF724.5 ส876จ 2555 ฉ.4 
  Barcode: 001319
ห้องสมุดวิทยาเขตสวรรค์ประชารักษ์
►หนังสือทั่วไป
บนชั้น
5. วิทยาศาสตร์การแพทย์ และสุขภาพ
วิทยาศาสตร์การแพทย์ และสุขภาพ
BF724.5 ส876จ 2555 ฉ.5 
  Barcode: 001320
ห้องสมุดวิทยาเขตสวรรค์ประชารักษ์
►หนังสือทั่วไป
บนชั้น

รายการใกล้เคียง
    ผู้แต่ง [สุวัฒน์ วัฒนวงศ์]

    หัวเรื่อง [จิตวิทยาพัฒนาการ]

BibComment


ยังไม่เคยถูกคอมเมนท์

คอมเมนท์ทรัพยากรรายการนี้
  คอมเมนท์: จิตวิทยาเพื่อการ..


 Copyright 2026. Bcnsprnw @Library